000 00757nam a2200229Ia 4500
003 GCL
008 140319s9999 xx 000 0 ara d
020 _a8815621977
040 _aGCL /
_cGCL
082 0 4 _a658.5
_bف إ
100 1 _aفوسلر، كلود
245 1 0 _aادارة البيئة من اجل جودة الحياة /
_cفوسلر، كلود
700 1 _aجيمس، بيتر
260 _aالقاهرة :
_bمركز الخبرات المهنية للادارة بميك ،
_c2001
300 _a187 ص ؛
_c24 سم
490 _aسلسلة اصدارات بميك
_v13
650 0 4 _aالبيئة
650 0 4 _aالادارة
650 0 4 _aالتنمية الاقتصادية
650 0 4 _aادارة الانتاج
942 _2ddc
_cBK
999 _c5429
_d5429